Malayalam-English dictionary(മലയാളം- ഇംഗ്ലീഷ് നിഘണ്ടു) (Record no. 112730)
[ view plain ]
| 000 -LEADER | |
|---|---|
| fixed length control field | 00487 a2200157 4500 |
| 005 - DATE AND TIME OF LATEST TRANSACTION | |
| control field | 20241005150338.0 |
| 008 - FIXED-LENGTH DATA ELEMENTS--GENERAL INFORMATION | |
| fixed length control field | 241004b |||||||| |||| 00| 0 eng d |
| 020 ## - INTERNATIONAL STANDARD BOOK NUMBER | |
| International Standard Book Number | 8171309607 |
| 080 ## - UNIVERSAL DECIMAL CLASSIFICATION NUMBER | |
| Universal Decimal Classification number | 030.8=M=20 MAL |
| Item number | WAR/M R |
| 100 ## - MAIN ENTRY--PERSONAL NAME | |
| Personal name | Warrier,M. I. |
| 245 ## - TITLE STATEMENT | |
| Title | Malayalam-English dictionary(മലയാളം- ഇംഗ്ലീഷ് നിഘണ്ടു) |
| 260 ## - PUBLICATION, DISTRIBUTION, ETC. (IMPRINT) | |
| Name of publisher, distributor, etc | D C Books |
| Place of publication, distribution, etc | Kottayam. |
| Date of publication, distribution, etc | 2019. |
| 300 ## - PHYSICAL DESCRIPTION | |
| Extent | 1304p. |
| 653 ## - INDEX TERM--UNCONTROLLED | |
| Uncontrolled term | Dictionary - Malayalam - English |
| 942 ## - ADDED ENTRY ELEMENTS (KOHA) | |
| item type | Under processing |
| Lost status | Source of classification or shelving scheme | Not for loan | Home library | Current library | Date acquired | Cost, normal purchase price | Total Checkouts | Full call number | Barcode | Date last seen | Cost, replacement price | Price effective from | Koha item type |
|---|---|---|---|---|---|---|---|---|---|---|---|---|---|
| Universal Decimal Classification | Ordered | University Library | University Library | 18/12/2023 | 399.35 | 030.8=M=20 MAL WAR/M R | 00095475 | 18/12/2023 | 599.00 | 18/12/2023 | Reference |
